| 000 | 00843nam a2200265Ia 4500 | ||
|---|---|---|---|
| 003 | OSt | ||
| 005 | 20220918171146.0 | ||
| 006 | a|||||r|||| 00| 0 | ||
| 007 | ta | ||
| 008 | 220917b |||||||| |||| 00| 0 eng d | ||
| 020 |
_a9781405129299 (pbk) _c1582.02 |
||
| 024 | _a233,006 | ||
| 037 |
_b4600, 28/12/2007, Efficient Book Distributors _cTextual |
||
| 040 |
_aARTS _cARTS _beng |
||
| 041 |
_2eng _aeng |
||
| 082 | _aO111,1K08,PL, P7 | ||
| 100 |
_aMilton John _911191 |
||
| 245 | 0 | _aParadise lost | |
| 260 |
_aOxford _bBlackwell Publishing UK _c2007 |
||
| 300 |
_axxxvi, 351p. _ccm. |
||
| 650 | _aMILTON, JOHN | ||
| 700 |
_a Lewalski Barbara K. Ed. _934569 |
||
| 942 |
_hO111,1K08,PL, P7 _cTEXL _2CC |
||
| 999 |
_c138168 _d138168 |
||